| 000 | 00545nam a2200181Ia 4500 | ||
|---|---|---|---|
| 005 | 20250326141704.0 | ||
| 008 | 250326s9999 xx 000 0 und d | ||
| 037 | _aTextbook | ||
| 040 |
_aFMSL _beng _cFMSL |
||
| 041 |
_aeng _2eng |
||
| 084 |
_aD658(B) M6 _qFMSL |
||
| 100 |
_aConstable R L _9744902 |
||
| 245 | 0 |
_aImplementing mathematics with theNupre prod development systems _cConstable R L |
|
| 260 |
_aEnglewood _bEnglewood, Prentice Hall _c1986 |
||
| 300 | _a309p | ||
| 942 |
_cTB _hD658(B) M6 |
||
| 999 |
_c1291507 _d1291507 |
||